| 000 | 00726nam a2200217Ia 4500 | ||
|---|---|---|---|
| 003 | GCL | ||
| 008 | 140319s9999 xx 000 0 ara d | ||
| 040 |
_aGCL / _cGCL |
||
| 082 | 0 | 4 |
_a141.5 _bس ك |
| 100 | 1 | _aعبدالعزيز القوصى | |
| 245 | 1 | 0 |
_aكيف تكون فلسفتك فى الحياة / _cعبدالعزيز القوصى |
| 700 | 1 | _aسميث، ف. ت | |
| 700 | 1 | _aاحمد محمد الغنام | |
| 260 |
_a[S.N] : _bمكتبة النهضة المصرية ، _c1994 |
||
| 300 | _a114 ص | ||
| 490 |
_aكيف نفهم الاطفال سلسلة دراسات سيكلوجية _v0 |
||
| 650 | 0 | 4 | _aالاسرة |
| 650 | 0 | 4 | _aالحياة |
| 650 | 0 | 4 | _aالفلسفة الشخصية |
| 942 |
_2ddc _cBK |
||
| 999 |
_c31941 _d31941 |
||